Theoretical Description of the Electron-Lattice Interaction in Molecular and Magnetic Crystals.

Bibliographic Details
Main Author: Mozafari, Elham.
Format: eBook
Language:English
Published: Linköping : Linkopings Universitet, 2016.
Edition:1st ed.
Series:Linköping Studies in Science and Technology. Dissertations Series
Subjects:
Online Access:Click to View
LEADER 02136nam a22003733i 4500
001 EBC30401656
003 MiAaPQ
005 20240729202205.0
006 m o d |
007 cr cnu||||||||
008 240729s2016 xx o ||||0 eng d
020 |a 9789176857625  |q (electronic bk.) 
035 |a (MiAaPQ)EBC30401656 
035 |a (Au-PeEL)EBL30401656 
035 |a (OCoLC)1372396688 
040 |a MiAaPQ  |b eng  |e rda  |e pn  |c MiAaPQ  |d MiAaPQ 
100 1 |a Mozafari, Elham. 
245 1 0 |a Theoretical Description of the Electron-Lattice Interaction in Molecular and Magnetic Crystals. 
250 |a 1st ed. 
264 1 |a Linköping :  |b Linkopings Universitet,  |c 2016. 
264 4 |c {copy}2016. 
300 |a 1 online resource (87 pages) 
336 |a text  |b txt  |2 rdacontent 
337 |a computer  |b c  |2 rdamedia 
338 |a online resource  |b cr  |2 rdacarrier 
490 1 |a Linköping Studies in Science and Technology. Dissertations Series ;  |v v.1766 
505 0 |a Intro -- Abstract -- Populärvetenskaplig sammanfattning -- Preface -- Acknowledgment -- Contents -- 1 Introduction -- 2 Polaron Concept: Theories and Methodology -- 3 Paramagnetic State of Magnetic Materials: Theories and Methodology -- 4 Results and Discussion -- 5 Conclusion and Outlook -- A Resilient Propagation (RPROP) Algorithm -- B Brünger, Brooks and Karplu (BBK) Algorithm -- 6 Bibliography -- Included Publications and Author's Contribution. 
588 |a Description based on publisher supplied metadata and other sources. 
590 |a Electronic reproduction. Ann Arbor, Michigan : ProQuest Ebook Central, 2024. Available via World Wide Web. Access may be limited to ProQuest Ebook Central affiliated libraries.  
655 4 |a Electronic books. 
776 0 8 |i Print version:  |a Mozafari, Elham  |t Theoretical Description of the Electron-Lattice Interaction in Molecular and Magnetic Crystals  |d Linköping : Linkopings Universitet,c2016 
797 2 |a ProQuest (Firm) 
830 0 |a Linköping Studies in Science and Technology. Dissertations Series 
856 4 0 |u https://ebookcentral.proquest.com/lib/matrademy/detail.action?docID=30401656  |z Click to View